<?xml version="1.0" encoding="UTF-8"?>
<marc:record xmlns:marc="http://www.loc.gov/MARC21/slim">
   <marc:leader>00000nam a2200000 a 4500</marc:leader>
   <marc:datafield ind1="1" ind2=" " tag="100">
      <marc:subfield code="a">Mandelmann, Marie</marc:subfield>
      <marc:subfield code="4">pht</marc:subfield>
      <marc:subfield code="e">Fotograf/-in</marc:subfield>
   </marc:datafield>
   <marc:datafield ind1="1" ind2=" " tag="100">
      <marc:subfield code="a">Mandelmann, Gustav</marc:subfield>
      <marc:subfield code="4">aut</marc:subfield>
      <marc:subfield code="e">Verfasser/-in</marc:subfield>
   </marc:datafield>
   <marc:datafield ind1="0" ind2="0" tag="245">
      <marc:subfield code="a">Gärtnern für Selbstversorger</marc:subfield>
   </marc:datafield>
   <marc:datafield ind1="0" ind2="0" tag="245">
      <marc:subfield code="b">Leben auf dem Lande mit Familie Mandelmann</marc:subfield>
   </marc:datafield>
   <marc:datafield ind1="0" ind2="0" tag="245">
      <marc:subfield code="c">Marie Mandelmann, Gustav Mandelmann ; aus dem Schwedischen übersetzt von Stefanie Busam Golay und Claudia Heiße</marc:subfield>
   </marc:datafield>
   <marc:datafield ind1=" " ind2="1" tag="264">
      <marc:subfield code="a">Stuttgart</marc:subfield>
      <marc:subfield code="b">Kosmos</marc:subfield>
   </marc:datafield>
   <marc:datafield ind1="1" ind2=" " tag="520">
      <marc:subfield code="a">Angaben aus der Verlagsmeldung

Gärtnern für Selbstversorger : Leben auf dem Lande mit Familie Mandelmann / von Marie Mandelmann, Gustav Mandelmann

Das Buch von Marie und Gustav Mandelmann verbindet Philosophie und Praxis rund um das Thema Selbstversorgung auf besondere Art und Weise. Ob man nun eine handfeste Anleitung für kleine und große Gartenprojekte sucht oder auf Balkon und Terrasse oder einem Acker Gemüse anbauen möchte, Familie Mandelmann öffnet die Tore ihres Hofes Djupadal in Schweden und lässt den Leser in ihre wunderbare und ursprüngliche Welt eintauchen. Sie verraten nicht nur Tipps und Tricks zum Gemüseanbau und leckere Rezepte, sondern bieten auch Inspirationen zum Leben und Gärtnern mit den Jahreszeiten. Dieses wundervolle Buch lädt zum Träumen und Selbermachen ein! Der Erfahrungsschatz von Marie und Gustav wird durch die wunderbaren Zeichnungen ihrer Tochter Tora hervorragend ergänzt.
</marc:subfield>
   </marc:datafield>
   <marc:datafield ind1=" " ind2=" " tag="020">
      <marc:subfield code="a">9783440149034</marc:subfield>
      <marc:subfield code="9">9783440149034</marc:subfield>
   </marc:datafield>
   <marc:datafield ind1=" " ind2=" " tag="020">
      <marc:subfield code="a">344014903X</marc:subfield>
      <marc:subfield code="9">344014903X</marc:subfield>
   </marc:datafield>
   <marc:datafield ind1=" " ind2=" " tag="300">
      <marc:subfield code="a">271 Seiten</marc:subfield>
   </marc:datafield>
</marc:record>
